000 00355nam a2200121 4500
999 _c9741
_d9741
008 180716b ||||| |||| 00| 0 eng d
100 _928923
_aRomero, Paolo
245 _aAngara wants tuition to be tax-deductible/
_cPaolo Romero
260 _aPhilippines
_bThe Philippine Star
_cc2017
300 _apage 10.
650 0 _928924
_aTaxation.
942 _2ddc
_cPER